| 000 | 00671nam a22002057a 4500 | ||
|---|---|---|---|
| 999 |
_c20543 _d20543 |
||
| 003 | AR-CdUCM | ||
| 008 | 190531b ||||| |||| 00| 0 spa d | ||
| 040 |
_aMUNICIPALIDAD PROVINCIAL DEL CUSCO _cBIBLIOTECA MUNICIPAL DEL CUSCO |
||
| 082 |
_a785.4209 / _bM19 |
||
| 100 |
_aMalson, Lucien _942948 |
||
| 245 | _aLos maestros del jazz / | ||
| 260 |
_aArgentina : _bEudeba, _c1960. |
||
| 300 |
_a67 páginas ; _c25 cm. |
||
| 505 | _aContenido : King Oliver -- Louis Armstrong -- Sidney Bechet... | ||
| 650 |
_aFormación de la música del jazz _942949 |
||
| 650 |
_aLas orquestas _942950 |
||
| 650 |
_aComponentes africanos _942951 |
||
| 942 |
_2ddc _cLIBROS |
||
| 945 | _aandy | ||